Suối nguồn tươi trẻ : Năm thức tập đơn giản của Tây Tạng thay đổi đời sống của bạn = Ancient secret of the fountain of youth

Suối nguồn tươi trẻ 2 với 8 chương sách và 2 phụ lục là một tập hợp đầy đủ những nghiên cứu, thảo luận của các chuyên gia y tế liên quan đến những khám phá về Tây Tạng hay năm thức kì diệu được Peter Kelder đưa ra....

Descripció completa

Guardat en:
Dades bibliogràfiques
Autor principal: Kelder, Peter
Format: Llibre
Idioma:Undetermined
Publicat: Thành phố Hồ Chí Minh Tổng hợp Thành phố Hồ Chí Minh 2018
Matèries:
Etiquetes: Afegir etiqueta
Sense etiquetes, Sigues el primer a etiquetar aquest registre!
Thư viện lưu trữ: Trung tâm Học liệu Trường Đại học Cần Thơ
LEADER 01125nam a2200217Ia 4500
001 CTU_230865
008 210402s9999 xx 000 0 und d
020 |c 94000 
082 |a 613.7 
082 |b K29/T.2 
100 |a Kelder, Peter 
245 0 |a Suối nguồn tươi trẻ : 
245 0 |b Năm thức tập đơn giản của Tây Tạng thay đổi đời sống của bạn = Ancient secret of the fountain of youth 
245 0 |c Peter Kelder ; Phạm Thùy Dương (Biên dịch) 
260 |a Thành phố Hồ Chí Minh 
260 |b Tổng hợp Thành phố Hồ Chí Minh 
260 |c 2018 
520 |a Suối nguồn tươi trẻ 2 với 8 chương sách và 2 phụ lục là một tập hợp đầy đủ những nghiên cứu, thảo luận của các chuyên gia y tế liên quan đến những khám phá về Tây Tạng hay năm thức kì diệu được Peter Kelder đưa ra. 
650 |a Tập thể dục,Exercise 
910 |b nthai 
980 |a Trung tâm Học liệu Trường Đại học Cần Thơ